| 000 | 00712nam a22002177a 4500 | ||
|---|---|---|---|
| 008 | 240525b mp ||||| |||| 00| 0 mon d | ||
| 035 | _a24984 | ||
| 040 |
_aОрхон аймгийн нийтийн номын сан _bmon _cMN-UlNLM _dMN-UlNLM _erda |
||
| 041 | _amon | ||
| 042 | _a34324 | ||
| 084 |
_2НСНЗА _a63.3/5Мо/ _bЛ-874 |
||
| 100 | _aЛхагва С. | ||
| 245 | 0 | _aХотгойдын Дүүрэгч вангийн хошууны түүх | |
| 264 |
_aУлаанбаатар _bбайхгүй _c2017 |
||
| 300 | _a265 х. | ||
| 336 |
_2rdacontent _atext _btxt |
||
| 337 |
_2rdamedia _aunmediated _bn |
||
| 338 |
_2rdacarrier _avolume _bnc |
||
| 650 | _aтүүх, соёл | ||
| 942 |
_2NNA _cBK |
||
| 999 |
_c698748 _d698805 |
||